Регионална библиотека "Любен Каравелов" - Русе

Веселин Стоянов и неговото време (Запис номер 102683)

MARC детайли
000 -Лидер
Контролно поле с фиксирана дължина 01902nam a2200445 a 4500
003 - Код на организацията, давaща контролен номер
Контролно поле BLK
005 - Дата и час на последна редакция
Контролно поле 20240812112408.0
008 - Елементи от данни с фиксирана дължина
fixed length control field 180409b bul|||||r ||||||| ||bul||
010 ## - Наследен системен номер
LC control number KNG00107752000
040 ## - Източник на каталожния запис
Идентификатор на билиотеката - собственик на записа BLK
041 ## - Код за език
Код за езика на текст/звукозапис или на отделно заглавие Български
Код за езика КДБФ Български
080 ## - УДК
Текстов определител УДК Музика
УДК код - определител по УДК 78
УДК определител .071(497.2)(092)(063)
УДК - код + определител 78.071(497.2)(092)(063)
080 ## - УДК
Текстов определител УДК Биографии
УДК код - определител по УДК 929
УДК определител (497.2)
УДК - код + определител 929(497.2)
139 ## - Редно поле
Редна дума Веселин Стоянов и неговото време
Авторски знак Стоя - С 83
245 10 - Сведения за заглавието
Заглавие Веселин Стоянов и неговото време
Подзаглавни данни Нац. науч.-теор. конф., Русе, 18-19 апр. 2002 : Сб.
Редно поле (дума) състав. Мария Дуканова.
257 ## - Страна на издаване
Страна на създаване/издаване България
260 ## - Област на издателските данни
Място на издаване, разпространение и проч. Русе
Име на издателя, разпространителя и проч. Средно у-ще по изкуствата "Проф. В. Стоянов"
Година на издаване 2002
Печатница Разград : Гемас
300 ## - Физическа характеристика
Страници 184 с.
Илюстрации и др. с ноти
Размери/Мащаб 20 см
380 ## - Жанр
Жанр Изкуство
500 ## - Общи забележки
Забележка Кор. опис. - Изд. на Община - Русе.
600 14 - Име на лице, използвано като предмет
За него / За нея Стоянов, Веселин
9 (RLIN) 364049
600 #0 - Име на лице, използвано като предмет
За него / За нея Стоянов, Веселин Анастасов
Свързани дати 1902-1969
9 (RLIN) 382752
650 #4 - Допълнително описание по предмет – тема
Основно описание – тема или топоним Пианисти, български
9 (RLIN) 256004
650 #4 - Допълнително описание по предмет – тема
Основно описание – тема или топоним Композитори, български
9 (RLIN) 241861
650 #4 - Допълнително описание по предмет – тема
Основно описание – тема или топоним Музика, българска
9 (RLIN) 241862
651 #4 - Допълнително описание по предмет - топоним
Географско понятие България
9 (RLIN) 241624
653 ## - Ключова дума – ненормативна
Ключова дума български композитори
653 ## - Ключова дума – ненормативна
Ключова дума български пианисти
653 ## - Ключова дума – ненормативна
Ключова дума българска музика
653 ## - Ключова дума – ненормативна
Ключова дума Веселин Стоянов
700 ## - Други автори (авторска отговорност)
Лично име Дуканова, Мария Николова
Дати, свързани с автора 1957-
9 (RLIN) 309308
852 ## - Местоположение
Форматна сигнатура Цб 215944
852 ## - Местоположение
Форматна сигнатура К 78/С 83 В
856 4# - Електронен адрес и достъп
Електронен формат pdf - файл
Инструкция (цена за достъп) 0.00
Права за достъп disable
856 4# - Електронен адрес и достъп
Електронен формат pdf - файл
Инструкция (цена за достъп) 0.00
Права за достъп disable
999 ## - СИСТЕМНИ КОНТРОЛНИ НОМЕРА
Koha biblionumber 102683
Koha biblioitemnumber 102683
942 ## - АРТИКУЛИ
Вид на библиотечния материал Книги
Скрит в OPAC Не
Koha issues (borrowed), all copies 1
Периодичен библиозапис Да
944 ## - СЪЗДАВАНЕ И РЕДАКЦИЯ на ЗАПИСА
Създаване/Редакция Създаване
Дата на регистрацията/редакция 26.08.2003
Статус, дата на статуса Геновева Генчева
Служител, извършил регистрацията/редакцията 30560
944 ## - СЪЗДАВАНЕ И РЕДАКЦИЯ на ЗАПИСА
Създаване/Редакция Редакция
Дата на регистрацията/редакция 2023-04-28
Статус, дата на статуса 2023-04-28
Служител, извършил регистрацията/редакцията ир
999 ## - СИСТЕМНИ КОНТРОЛНИ НОМЕРА
Koha biblioitemnumber 102683
Наличности
Код за отписване Код за изгубен артикул Източник на класификационната схема Код за повреда Коз за рестрикции Код за отдаване Артикулен № Име на библиотеката - собственик Име на библиотеката, в която се намира в момента Статус (Текущо местоположение) Дата на вписване в системата Местоположение - отдел Цена в лева Инвентарен номер Систематично азбучна сигнатура Баркод Номер на екземпляра Цена в евро Служебна бележка Служебен тип на артикула
  Не е изгубен Universal Decimal Classification Не е повреден само за читалня ползва се в читалня 165812 Регионална библиотека "Любен Каравелов" Русе Регионална библиотека "Любен Каравелов" Русе Хранилище 2003-08-26 Хранилище 3.00 120000678511 Цб 215944 120000678511 1 1.53 Дост: Dp Вид: Д N: 38 Дата: 11.09.2002 Книги
  Не е изгубен Universal Decimal Classification Не е повреден без рестрикции заемане за дома 165813 Регионална библиотека "Любен Каравелов" Русе Регионална библиотека "Любен Каравелов" Русе Отдел Изкуство - подръчен фонд 2000-09-02 Отдел Изкуство - подръчен фонд 3.00 120000671842 78.071.1(497.2)(092)/С 83 120000671842 2 1.53 Дост: DA Вид: А N: 30 Дата: 02.09.2000 Дата инв: 19.06.2012 Бележки инв: * Книги
  Не е изгубен Universal Decimal Classification Не е повреден без рестрикции ползва се в читалня 165814 Регионална библиотека "Любен Каравелов" Русе Регионална библиотека "Любен Каравелов" Русе Краезнание 2010-10-06 Краезнание 3.00 120000746430 К 78/С 83 В 120000746430 3 1.53 Дост: DA Вид: А N: 21 Дата: 06.10.2010 Дата инв: 10.11.2017 Бележки инв: К2017 Книги
Vip Innovations Ltd, Rousse, Bulgaria 2025